[Event "PRVA LIGA CENTRALNE SRBIJE 2015"]
[Site "Kragujevac"]
[Date "2015.09.09"]
[Round "6.1"]
[White "Colovic, Dusan"]
[Black "Djukic, Nebojsa"]
[Result "1-0"]
[WhiteElo "2375"]
[BlackElo "2174"]
[PlyCount "37"]
[EventDate "2015.09.05"]

1. e4 e6 2. Qe2 d5 3. exd5 Qxd5 4. Nc3 Qd8 5. g3 Nc6 6. Nf3 a6 7. Bg2 Bc5 8.
O-O Nf6 9. Ne4 Be7 10. c3 Qd5 11. Nxf6+ Bxf6 12. d4 Qa5 13. a4 Bd7 14. Nd2 O-O
15. Nc4 Qf5 16. g4 Qg6 17. Be4 Ne7 18. Bxg6 hxg6 19. g5 1-0

[Event "PRVA LIGA CENTRALNE SRBIJE 2015"]
[Site "Kragujevac"]
[Date "2015.09.09"]
[Round "6.1"]
[White "Mladenovic, Stefan"]
[Black "Jevdjovic, Milorad"]
[Result "1-0"]
[WhiteElo "2326"]
[BlackElo "2290"]
[PlyCount "83"]
[EventDate "2015.09.05"]

1. d4 Nf6 2. Nf3 g6 3. g3 Bg7 4. Bg2 O-O 5. O-O d6 6. a4 Nbd7 7. a5 c6 8. Re1
Qc7 9. e4 e5 10. c3 Re8 11. Nbd2 b5 12. axb6 Nxb6 13. dxe5 dxe5 14. Nb3 Nbd7
15. Nfd2 Nf8 16. Nc4 Rd8 17. Qc2 Be6 18. Bf1 N8d7 19. f3 Nb6 20. Nca5 Nfd7 21.
Be3 f5 22. Bh3 Rf8 23. Red1 Kh8 24. Kh1 Bxb3 25. Nxb3 fxe4 26. fxe4 Rf7 27. Ra6
Nc4 28. Bg1 Nb8 29. Raa1 Nb6 30. Ra5 Bh6 31. Qe2 Bf8 32. Rxe5 N8d7 33. Ra5 Bg7
34. Rda1 Ne5 35. Ra6 Nc8 36. Nd4 Qd6 37. Ne6 Bf6 38. Rd1 Qb8 39. Bd4 h6 40. Ra5
Nb6 41. Bxe5 Bxe5 42. Rd8+ 1-0

[Event "PRVA LIGA CENTRALNE SRBIJE 2015"]
[Site "Kragujevac"]
[Date "2015.09.09"]
[Round "6.1"]
[White "Kiproski, Branislav"]
[Black "Livaja, Mario"]
[Result "1/2-1/2"]
[WhiteElo "2240"]
[BlackElo "2246"]
[PlyCount "120"]
[EventDate "2015.09.05"]

1. d4 Nf6 2. Nf3 g6 3. g3 Bg7 4. Bg2 O-O 5. O-O d6 6. c4 c5 7. Nc3 Nc6 8. dxc5
dxc5 9. Bf4 Be6 10. Ne5 Qxd1 11. Rfxd1 Na5 12. Nd5 Nh5 13. Bd2 Bxd5 14. cxd5
Bxe5 15. Bxa5 Rab8 16. Rd2 Nf6 17. Bc3 Bxc3 18. bxc3 Ne8 19. Rb1 Nd6 20. e4 Nc4
21. Rdd1 Rfd8 22. Bf1 Nd6 23. f3 f6 24. Kf2 b5 25. Rb2 Rb6 26. Rdb1 Rdb8 27.
Ke3 Kf7 28. f4 e5 29. dxe6+ Kxe6 30. g4 g5 31. h4 gxf4+ 32. Kxf4 h6 33. Bh3 Ke7
34. Re2 Nf7 35. Rd1 b4 36. cxb4 cxb4 37. Red2 R8b7 38. Bf1 Rd6 39. Bc4 Rxd2 40.
Rxd2 Nd6 41. Bd5 Rc7 42. e5 fxe5+ 43. Kxe5 Nc4+ 44. Bxc4 Rxc4 45. Rd4 Rc5+ 46.
Rd5 Rc6 47. Ra5 a6 48. g5 hxg5 49. hxg5 Rb6 50. Kf5 Kf7 51. Rc5 b3 52. axb3
Rxb3 53. Rc7+ Kg8 54. Rc6 Kg7 55. Rc7+ Kg8 56. Kg6 Rb6+ 57. Kh5 Rd6 58. Rc8+
Kg7 59. Rc7+ Kg8 60. g6 Rd1 1/2-1/2

[Event "PRVA LIGA CENTRALNE SRBIJE 2015"]
[Site "Kragujevac"]
[Date "2015.09.09"]
[Round "6.1"]
[White "Todorovic, Nenad I"]
[Black "Baralic, Milan"]
[Result "1/2-1/2"]
[WhiteElo "2197"]
[BlackElo "2195"]
[PlyCount "92"]
[EventDate "2015.09.05"]

1. e4 c5 2. Nf3 Nc6 3. d4 cxd4 4. Nxd4 g6 5. c4 Nf6 6. Nc3 Nxd4 7. Qxd4 d6 8.
Bg5 Bg7 9. Be2 O-O 10. Qd2 Be6 11. Rc1 Qa5 12. f3 Rfc8 13. b3 a6 14. Na4 Qxd2+
15. Kxd2 Nd7 16. g4 f6 17. Be3 f5 18. exf5 gxf5 19. h3 Rf8 20. f4 Rad8 21. Nc3
d5 22. cxd5 Nf6 23. Bb6 Nxd5 24. Bxd8 Rxd8 25. Nxd5 Bxd5 26. Ke3 Bxh1 27. Rxh1
Bd4+ 28. Kf3 a5 29. g5 Bc5 30. Bc4+ Kg7 31. Re1 b6 32. Re5 Bd6 33. Rxf5 Rf8 34.
Rxf8 Kxf8 35. Kg4 Kg7 36. h4 Bc5 37. h5 h6 38. Kf5 Bb4 39. Ke6 Ba3 40. Ke5 Bb4
41. g6 Bd6+ 42. Kf5 Bc5 43. Ke6 Bb4 44. f5 Ba3 45. Kd7 Bb4 46. Ke8 Bc5 1/2-1/2

[Event "PRVA LIGA CENTRALNE SRBIJE 2015"]
[Site "Kragujevac"]
[Date "2015.09.09"]
[Round "6.1"]
[White "Sevic, Slobodan"]
[Black "Grkovic, Vladan"]
[Result "0-1"]
[WhiteElo "2144"]
[BlackElo "2167"]
[PlyCount "78"]
[EventDate "2015.09.05"]

1. e4 e6 2. d4 d5 3. Nd2 Nf6 4. e5 Nfd7 5. Bd3 c5 6. c3 Nc6 7. Ne2 cxd4 8. cxd4
f6 9. exf6 Nxf6 10. Nf3 Bd6 11. O-O Qc7 12. Bg5 O-O 13. Rc1 a6 14. Bb1 Bd7 15.
Bh4 g6 16. Bg3 Nh5 17. Be5 Qb8 18. Bxd6 Qxd6 19. Qd2 Kg7 20. Qe3 Nf4 21. Ng3
Rae8 22. Rfe1 Kg8 23. h4 Qe7 24. a3 Qf6 25. Rc3 Re7 26. Qd2 e5 27. dxe5 Nxe5
28. Nxe5 Rxe5 29. Rxe5 Qxe5 30. Re3 Qf6 31. h5 Bc6 32. hxg6 hxg6 33. Rf3 Qg5
34. Qc2 Nh3+ 35. Kh2 Rxf3 36. gxf3 Nf4 37. Kg1 Qh4 38. Qd1 Kf7 39. b3 Bb5 0-1

[Event "PRVA LIGA CENTRALNE SRBIJE 2015"]
[Site "Kragujevac"]
[Date "2015.09.09"]
[Round "6.1"]
[White "Ostojic, Nikola M"]
[Black "Gavrilovic, Vasilije"]
[Result "1/2-1/2"]
[WhiteElo "2043"]
[BlackElo "2081"]
[PlyCount "99"]
[EventDate "2015.09.05"]

1. d4 Nf6 2. c4 e6 3. Nc3 d5 4. Bg5 Be7 5. e3 b6 6. cxd5 exd5 7. Nf3 Nbd7 8.
Bd3 O-O 9. O-O Bb7 10. Rc1 Rc8 11. Qe2 c5 12. Ba6 Bxa6 13. Qxa6 Ra8 14. dxc5
Nxc5 15. Qb5 a6 16. Qe2 Nfe4 17. Bxe7 Nxc3 18. Rxc3 Qxe7 19. a3 Rfd8 20. Nd4
Qe8 21. Rfc1 g6 22. b4 Ne4 23. Rc7 b5 24. Qg4 h5 25. Qf4 Rd6 26. f3 Rf6 27. Qh4
Qd8 28. Qh3 Nd6 29. R1c6 Ne8 30. Rxf6 Nxf6 31. Rc6 Qe7 32. Rc8+ Rxc8 33. Qxc8+
Kg7 34. Kf2 Qd6 35. g3 Qb6 36. Qc6 Qxc6 37. Nxc6 Nd7 38. Ke2 Kf6 39. Kd3 Ke6
40. Nd4+ Kd6 41. Nc2 Ne5+ 42. Ke2 Nc4 43. Kd3 Ne5+ 44. Ke2 Kc6 45. Nd4+ Kb6 46.
Nc2 Kc6 47. Nd4+ Kb6 48. Nc2 a5 49. Nd4 a4 50. Nc2 1/2-1/2

[Event "PRVA LIGA CENTRALNE SRBIJE 2015"]
[Site "Kragujevac"]
[Date "2015.09.09"]
[Round "6.2"]
[White "Nestorovic, Dejan"]
[Black "Dinev, Dejan"]
[Result "1/2-1/2"]
[WhiteElo "2402"]
[BlackElo "2299"]
[PlyCount "47"]
[EventDate "2015.09.05"]

1. d4 Nf6 2. c4 e6 3. Nc3 c5 4. d5 exd5 5. cxd5 d6 6. Nf3 g6 7. Nd2 a6 8. a4
Nbd7 9. e4 Bg7 10. Be2 O-O 11. O-O Re8 12. Qc2 Ne5 13. Ra3 Bg4 14. Bxg4 Nfxg4
15. h3 Nf6 16. a5 Qc7 17. f4 Ned7 18. Nc4 b5 19. axb6 Nxb6 20. Na5 c4 21. Nc6
Nxe4 22. Nxe4 Nxd5 23. Na5 Nb4 24. Qa4 1/2-1/2

[Event "PRVA LIGA CENTRALNE SRBIJE 2015"]
[Site "Kragujevac"]
[Date "2015.09.09"]
[Round "6.2"]
[White "Stankovic, Ivan G"]
[Black "Markovic, Zoran S"]
[Result "0-1"]
[WhiteElo "2206"]
[BlackElo "2367"]
[PlyCount "96"]
[EventDate "2015.09.05"]

1. e4 c5 2. c4 Nc6 3. Nc3 g6 4. g3 Bg7 5. Bg2 d6 6. Nge2 f5 7. d3 Nf6 8. Rb1
O-O 9. O-O e5 10. Nd5 fxe4 11. dxe4 Nxd5 12. cxd5 Nb8 13. Be3 b5 14. Qd2 a5 15.
Bh6 Qe7 16. Bxg7 Kxg7 17. f4 b4 18. Rf2 Bg4 19. Rbf1 Nd7 20. Nc1 exf4 21. h3 f3
22. hxg4 fxg2 23. Rxf8 Rxf8 24. Rxf8 Qxf8 25. Kxg2 Qf6 26. b3 g5 27. Nd3 h6 28.
Qf2 Qxf2+ 29. Kxf2 Kf6 30. Ke3 Ke7 31. Ke2 Kd8 32. Ke3 Kc7 33. Kd2 Kb6 34. Ke3
Kc7 35. Kd2 Nf6 36. Nf2 Kb6 37. Ke3 Kb5 38. Kd3 Nd7 39. Ke3 c4 40. Kd4 c3 41.
Nd3 c2 42. Nc1 Ne5 43. Ke3 Kc5 44. Ne2 Nxg4+ 45. Kd2 Nf6 46. Ke3 h5 47. Nc1
Ng4+ 48. Kd3 Ne5+ 0-1

[Event "PRVA LIGA CENTRALNE SRBIJE 2015"]
[Site "Kragujevac"]
[Date "2015.09.09"]
[Round "6.2"]
[White "Milenkovic, Mladen"]
[Black "Jovic, Stanoje"]
[Result "1/2-1/2"]
[WhiteElo "2317"]
[BlackElo "2290"]
[PlyCount "82"]
[EventDate "2015.09.05"]

1. e4 c6 2. d4 d5 3. exd5 cxd5 4. c4 Nf6 5. Nc3 Nc6 6. Bf4 e6 7. c5 Ne4 8. Nf3
g5 9. Nxe4 gxf4 10. Nc3 Bg7 11. Bb5 O-O 12. O-O Bd7 13. Qd2 Qc7 14. Ne2 Bh6 15.
g3 Ne5 16. Nxe5 Bxb5 17. gxf4 Kh8 18. Kh1 Bxe2 19. Qxe2 Bxf4 20. Rg1 Bxe5 21.
Qxe5+ Qxe5 22. dxe5 f6 23. exf6 Rxf6 24. Rg2 Rc8 25. Rag1 Rcf8 26. Rg7 R6f7 27.
Rxf7 Rxf7 28. Kg2 Kg7 29. Rc1 Kf8 30. c6 Rc7 31. cxb7 Rxb7 32. b3 Ke7 33. f4
Kd6 34. Kf3 e5 35. fxe5+ Kxe5 36. Re1+ Kd4 37. Rd1+ Ke5 38. Ke3 Rb4 39. Rg1
Re4+ 40. Kd3 Rd4+ 41. Ke3 Re4+ 1/2-1/2

[Event "PRVA LIGA CENTRALNE SRBIJE 2015"]
[Site "Kragujevac"]
[Date "2015.09.09"]
[Round "6.2"]
[White "Milosevic, Zoran"]
[Black "Dudukovic, Nikola"]
[Result "0-1"]
[WhiteElo "2238"]
[BlackElo "2357"]
[PlyCount "84"]
[EventDate "2015.09.05"]

1. d4 Nf6 2. c4 c5 3. Nf3 cxd4 4. Nxd4 e5 5. Nf3 Nc6 6. e3 Bb4+ 7. Bd2 Be7 8.
Nc3 d6 9. Nd5 Nxd5 10. cxd5 Nb8 11. Bb5+ Nd7 12. Qc2 O-O 13. Bd3 h6 14. b4 Nb6
15. e4 Bg4 16. O-O Bxf3 17. gxf3 Bg5 18. Rfc1 Rc8 19. Qd1 Qf6 20. Kg2 Bf4 21.
Bxf4 Qxf4 22. a4 Nd7 23. Qe1 Nf6 24. Qe3 Nh5 25. Kh1 Qf6 26. Bf1 Nf4 27. Rxc8
Rxc8 28. Rc1 Rxc1 29. Qxc1 Qd8 30. a5 a6 31. h3 g6 32. Kh2 Kg7 33. Qc3 Qd7 34.
Qc2 h5 35. h4 Qd8 36. Kg3 g5 37. Bh3 gxh4+ 38. Kh2 Qg5 39. Qc8 Ne2 40. Bg2 Qf4+
41. Kh1 Qd2 42. Bf1 Qe1 0-1

[Event "PRVA LIGA CENTRALNE SRBIJE 2015"]
[Site "Kragujevac"]
[Date "2015.09.09"]
[Round "6.2"]
[White "Organdziev, Oliver"]
[Black "Stojiljkovic, Stefan"]
[Result "1-0"]
[WhiteElo "2307"]
[BlackElo "2134"]
[PlyCount "101"]
[EventDate "2015.09.05"]

1. e4 c6 2. d4 d5 3. e5 Bf5 4. Nf3 e6 5. Be2 c5 6. c4 dxc4 7. Nc3 cxd4 8. Nxd4
Bd3 9. Be3 Ne7 10. Bxd3 cxd3 11. Qxd3 Nbc6 12. Qb5 Qd7 13. O-O-O Nd5 14. Nxd5
exd5 15. f4 Be7 16. Qe2 O-O 17. g4 Rac8 18. Kb1 Nxd4 19. Bxd4 Bc5 20. h3 Qa4
21. b3 Qb4 22. Qd2 Qb5 23. Bb2 d4 24. Qd3 Qa5 25. Rc1 Ba3 26. Bxa3 Qxa3 27.
Qxd4 Rcd8 28. Qc3 Qa6 29. Rhd1 Rxd1 30. Rxd1 h5 31. gxh5 Qe2 32. Qd3 Qxh5 33.
f5 Re8 34. Re1 g6 35. e6 Qxf5 36. Qxf5 gxf5 37. exf7+ Kxf7 38. Rxe8 Kxe8 39.
Kc2 Kf7 40. Kd3 Kg6 41. Kd4 Kg5 42. Ke3 a5 43. a4 Kh4 44. Kf4 Kxh3 45. Kxf5 Kg3
46. Ke5 Kf3 47. Kd6 Ke4 48. Kc7 Kd5 49. Kxb7 Kc5 50. Ka6 Kb4 51. Kb6 1-0

[Event "PRVA LIGA CENTRALNE SRBIJE 2015"]
[Site "Kragujevac"]
[Date "2015.09.09"]
[Round "6.4"]
[White "Ninov, Nikolai"]
[Black "Radibratovic, Predrag"]
[Result "1-0"]
[WhiteElo "2436"]
[BlackElo "2327"]
[PlyCount "51"]
[EventDate "2015.09.05"]

1. e4 c6 2. Nc3 g6 3. d4 Bg7 4. h3 d6 5. a4 Nf6 6. Be3 a5 7. g4 h6 8. f4 e5 9.
dxe5 dxe5 10. Qxd8+ Kxd8 11. O-O-O+ Nfd7 12. f5 g5 13. h4 f6 14. Nf3 Ke7 15.
Bc4 Na6 16. hxg5 hxg5 17. Rxh8 Bxh8 18. Rh1 Bg7 19. Rh7 Kf8 20. Ne2 Nc7 21. Ng3
Ne8 22. Nh5 b6 23. Nxg7 Nxg7 24. Nxg5 Nc5 25. Bxc5+ bxc5 26. Nf3 1-0

[Event "PRVA LIGA CENTRALNE SRBIJE 2015"]
[Site "Kragujevac"]
[Date "2015.09.09"]
[Round "6.4"]
[White "Mrsevic, Miroslav"]
[Black "Ostojic, Nikola"]
[Result "0-1"]
[WhiteElo "2268"]
[BlackElo "2420"]
[PlyCount "138"]
[EventDate "2015.09.05"]

1. e4 c5 2. d3 Nc6 3. Be3 d6 4. Nc3 g6 5. g3 Bg7 6. Bg2 Rb8 7. Qd2 b5 8. Nge2
b4 9. Nd1 h5 10. h3 Qb6 11. f4 e5 12. O-O Nge7 13. c3 bxc3 14. bxc3 f5 15. Rc1
O-O 16. Nf2 Kh7 17. h4 Ng8 18. Nh3 Nf6 19. Ng5+ Kh8 20. Kh1 Ng4 21. Bg1 Bd7 22.
Qc2 Ne7 23. Rb1 Qc7 24. Rxb8 Rxb8 25. Rb1 Kg8 26. a3 Rxb1 27. Qxb1 fxe4 28.
dxe4 c4 29. Qb4 Bf6 30. Nf3 Be6 31. Nd2 Kg7 32. Qa4 Nc8 33. Qa6 Bf7 34. Nf3 Bg8
35. Ng5 Bxg5 36. hxg5 Be6 37. Bf3 Kf7 38. Kg2 Qb8 39. Qc6 Nb6 40. Qb5 Qc7 41.
Qb4 Nc8 42. a4 a5 43. Qb5 Bd7 44. Qd5+ Kg7 45. fxe5 dxe5 46. Nd4 exd4 47. Bxd4+
Kf8 48. Bc5+ Ne7 49. Bxg4 Bxg4 50. Bd6 Qd7 51. Qe5 Qe6 52. Qh8+ Kf7 53. Be5 Nc6
54. Qg7+ Ke8 55. Qh8+ Kd7 56. Bf4 Qxe4+ 57. Kg1 Qe1+ 58. Kg2 Qe2+ 59. Kg1 Qd1+
60. Kf2 Qe2+ 61. Kg1 Bf3 62. Qg7+ Ne7 63. Qd4+ Bd5 64. Qa7+ Ke8 65. Qf2 Qd1+
66. Qf1 Qxf1+ 67. Kxf1 Be4 68. Bc7 Nc6 69. Ke2 Bc2 0-1

[Event "PRVA LIGA CENTRALNE SRBIJE 2015"]
[Site "Kragujevac"]
[Date "2015.09.09"]
[Round "6.4"]
[White "Lukovic, Vladimir"]
[Black "Kahrovic, Mersid"]
[Result "1/2-1/2"]
[WhiteElo "2438"]
[BlackElo "2275"]
[PlyCount "83"]
[EventDate "2015.09.05"]

1. e4 d6 2. d4 Nf6 3. Nc3 c6 4. a4 g6 5. g3 Bg7 6. Bg2 O-O 7. Nge2 e5 8. O-O
Qc7 9. h3 Re8 10. Be3 Nbd7 11. g4 h5 12. g5 Nh7 13. f4 exf4 14. Bxf4 Ndf8 15.
Qd2 Ne6 16. Be3 Qe7 17. h4 Nc7 18. Nf4 Bg4 19. Rf2 Qd7 20. Raf1 Re7 21. b4 Rae8
22. b5 Nf8 23. bxc6 bxc6 24. Rb1 Qc8 25. Qd3 d5 26. e5 Bf5 27. Qd2 Bg4 28. Rff1
Nfe6 29. Nce2 Qa6 30. c3 Nxf4 31. Nxf4 Ne6 32. Nxe6 fxe6 33. Bf3 Bf5 34. Rb4
Rf7 35. Be2 Qc8 36. Bd3 Ref8 37. Bxf5 Rxf5 38. Rxf5 Rxf5 39. Qe2 Bf8 40. Rb1
Qc7 41. Qa6 Rf7 42. Kg2 1/2-1/2

[Event "PRVA LIGA CENTRALNE SRBIJE 2015"]
[Site "Kragujevac"]
[Date "2015.09.09"]
[Round "6.4"]
[White "Brajovic, Miroljub"]
[Black "Ilic, Dragan M"]
[Result "1/2-1/2"]
[WhiteElo "2104"]
[BlackElo "2354"]
[PlyCount "50"]
[EventDate "2015.09.05"]

1. e4 e6 2. d4 d5 3. exd5 exd5 4. Bd3 Bd6 5. Nf3 Ne7 6. Bg5 f6 7. Bh4 Bg4 8.
Bg3 Nbc6 9. c3 Qd7 10. Nbd2 h5 11. Bxd6 Qxd6 12. h3 Bd7 13. Nb3 b6 14. Qc2
O-O-O 15. O-O-O Kb8 16. g3 g5 17. h4 Bg4 18. Nbd2 Rdf8 19. Rde1 Bc8 20. Re3 g4
21. Ne1 f5 22. Ng2 Ng6 23. f4 gxf3 24. Rxf3 Rhg8 25. Rhf1 Nce7 1/2-1/2

[Event "PRVA LIGA CENTRALNE SRBIJE 2015"]
[Site "Kragujevac"]
[Date "2015.09.09"]
[Round "6.4"]
[White "Panic, Nenad"]
[Black "Kijanovic, Igor"]
[Result "1-0"]
[WhiteElo "2352"]
[BlackElo "2064"]
[PlyCount "139"]
[EventDate "2015.09.05"]

1. d4 Nf6 2. Nf3 e6 3. Bf4 b6 4. e3 Bb7 5. Bd3 c5 6. Nbd2 Nc6 7. c3 Be7 8. h3
O-O 9. O-O d5 10. Qe2 Rc8 11. Rad1 cxd4 12. exd4 Ne8 13. Rfe1 Bf6 14. Ne5 g6
15. Bh6 Bg7 16. Qe3 Nd6 17. Bxg7 Kxg7 18. Ng4 f5 19. Qh6+ Kh8 20. Nh2 Qf6 21.
Nhf3 Nf7 22. Qe3 Rfe8 23. Bb5 Kg7 24. Ne5 Nfxe5 25. dxe5 Qe7 26. Nf3 Rc7 27.
Bxc6 Bxc6 28. Rd4 h6 29. h4 Rec8 30. Red1 Be8 31. g3 b5 32. R1d3 a5 33. a3 Rc4
34. Nd2 Rxd4 35. Rxd4 Qc7 36. Nf3 Qe7 37. Kf1 Rb8 38. Qf4 Rc8 39. Ne1 Rc4 40.
Nd3 g5 41. hxg5 hxg5 42. Qe3 Rc8 43. Ke2 Bh5+ 44. Kd2 Bg4 45. a4 b4 46. cxb4 f4
47. gxf4 Qc7 48. Nc5 axb4 49. f5 Qxc5 50. Qxg5+ Kf8 51. Qf6+ Ke8 52. Qxe6+ Kf8
53. Qh6+ Ke8 54. Qh8+ Kf7 55. e6+ Ke7 56. Qh4+ Kd6 57. Qg3+ Ke7 58. Qxg4 Qc1+
59. Kd3 Qb1+ 60. Ke3 Qc1+ 61. Kf3 Qh1+ 62. Ke2 Rc2+ 63. Kd3 Qb1 64. Qg7+ Kd6
65. Qd7+ Ke5 66. Rxd5+ Kf4 67. Qd6+ Kg5 68. Qg3+ Kh5 69. f6+ Kh6 70. Qg7# 1-0

[Event "PRVA LIGA CENTRALNE SRBIJE 2015"]
[Site "Kragujevac"]
[Date "2015.09.09"]
[Round "6.4"]
[White "Vizlina, Branisa"]
[Black "Zivkovic, Vladislav"]
[Result "1-0"]
[WhiteElo "2045"]
[BlackElo "2177"]
[PlyCount "123"]
[EventDate "2015.09.05"]

1. e4 c6 2. d4 d5 3. Nc3 dxe4 4. Nxe4 Nf6 5. Nxf6+ exf6 6. Nf3 Bd6 7. Be3 Bf5
8. Nh4 Bc8 9. Bd3 g6 10. Qd2 O-O 11. O-O-O b5 12. d5 cxd5 13. Bxb5 Bb7 14. Bh6
Qc7 15. Kb1 Rd8 16. Ba4 Nd7 17. Bb3 Nb6 18. f4 Bf8 19. Bxf8 Kxf8 20. f5 Kg7 21.
fxg6 fxg6 22. Nf3 Nc4 23. Qf2 Re8 24. h4 Qb6 25. Nd4 Ne3 26. Rd3 Ng4 27. Qg3 h5
28. a4 Re4 29. Rhd1 a6 30. c3 Rae8 31. Bc2 R4e7 32. Rf3 Qc7 33. Qxc7 Rxc7 34.
Bb3 Ne3 35. Rd2 Rce7 36. Rdf2 Ng4 37. Rf1 Re1+ 38. Ka2 Rxf1 39. Rxf1 f5 40. Rd1
Nf6 41. a5 Re3 42. Rf1 Rd3 43. Ne6+ Kh6 44. Nc5 Rd2 45. Nxb7 Rxg2 46. Nc5 Ne4
47. Nxe4 dxe4 48. Bc4 Rg4 49. Bxa6 Rxh4 50. Bb7 e3 51. a6 Ra4+ 52. Kb3 Ra5 53.
Kc2 g5 54. Rxf5 Rxf5 55. a7 Rf8 56. a8=Q Rxa8 57. Bxa8 g4 58. Kd3 h4 59. Kxe3
Kg5 60. Kf2 Kf4 61. Bg2 h3 62. Bxh3 1-0

[Event "PRVA LIGA CENTRALNE SRBIJE 2015"]
[Site "Kragujevac"]
[Date "2015.09.09"]
[Round "6.5"]
[White "Zajic, Milan"]
[Black "Pikula, Dejan"]
[Result "1/2-1/2"]
[WhiteElo "2472"]
[BlackElo "2472"]
[PlyCount "139"]
[EventDate "2015.09.05"]

1. e4 c6 2. d4 d5 3. Nd2 dxe4 4. Nxe4 Bf5 5. Ng3 Bg6 6. N1e2 e6 7. Nf4 Qh4 8.
c3 Nd7 9. Qf3 Ngf6 10. Nxg6 hxg6 11. Be3 Bd6 12. O-O-O Qg4 13. Be2 Qxf3 14.
Bxf3 Nb6 15. Bg5 Nbd5 16. Ne2 b5 17. g3 Kd7 18. Kc2 a5 19. Nc1 a4 20. Nd3 Nb6
21. h4 Nfd5 22. Bc1 Nc4 23. h5 gxh5 24. Rxh5 Rxh5 25. Bxh5 g6 26. Bf3 Rh8 27.
Rh1 Rxh1 28. Bxh1 Ncb6 29. b3 axb3+ 30. axb3 Ke7 31. Bd2 Kd7 32. Bg2 Kc7 33.
Bf1 Nf6 34. Bg2 Nfd5 35. Nb2 Ba3 36. Nd1 Bd6 37. Kd3 c5 38. c4 bxc4+ 39. bxc4
Ne7 40. Nc3 cxd4 41. Nb5+ Kd7 42. Nxd6 Kxd6 43. Bb4+ Kd7 44. Bc5 Nbc8 45. Bxd4
Nc6 46. Bb2 N8e7 47. c5 Nd5 48. Kc4 Nce7 49. Kb5 Nc6 50. Kc4 Nce7 51. Be5 Nc6
52. Bd6 Na5+ 53. Kb5 Nc6 54. Ka6 Kc8 55. Bf1 Ncb4+ 56. Kb5 Kb7 57. Kc4 Nc6 58.
Bg2 Na5+ 59. Kb5 Nc6 60. g4 f5 61. Kc4 Na5+ 62. Kb5 Nc6 63. gxf5 gxf5 64. Bh1
Nc3+ 65. Kc4 Ne4 66. Bxe4 fxe4 67. Kc3 Kc8 68. Kd2 Kd7 69. Ke3 Nb4 70. Kxe4
1/2-1/2

[Event "PRVA LIGA CENTRALNE SRBIJE 2015"]
[Site "Kragujevac"]
[Date "2015.09.09"]
[Round "6.5"]
[White "Brkljaca, Ante"]
[Black "Radovanovic, Nikola"]
[Result "1/2-1/2"]
[WhiteElo "2321"]
[BlackElo "2407"]
[PlyCount "82"]
[EventDate "2015.09.05"]

1. d4 Nf6 2. Nf3 g6 3. c4 Bg7 4. Nc3 O-O 5. e4 d6 6. Be2 e5 7. O-O c6 8. dxe5
dxe5 9. Be3 Qe7 10. Qc2 Na6 11. Rfe1 Bg4 12. a3 Bxf3 13. Bxf3 Nc7 14. b4 Ne6
15. Rad1 h5 16. c5 Nh7 17. g3 Rfd8 18. Ne2 Nhf8 19. Bg2 Kh7 20. f4 Bh6 21. Qc3
Nc7 22. f5 Bxe3+ 23. Qxe3 Rxd1 24. Rxd1 Rd8 25. Rf1 Ne8 26. Kh1 Kg7 27. Ng1 Nf6
28. fxg6 fxg6 29. Nf3 N8h7 30. Qc3 Re8 31. Nd2 Ng5 32. Nc4 Nf7 33. Rd1 Rd8 34.
Rd2 Rxd2 35. Qxd2 Qe6 36. Qd3 Ng5 37. Kg1 Ng4 38. h3 Nf6 39. Kh2 Nf7 40. Qc3
Qe7 41. Qf3 Qe6 1/2-1/2

[Event "PRVA LIGA CENTRALNE SRBIJE 2015"]
[Site "Kragujevac"]
[Date "2015.09.09"]
[Round "6.5"]
[White "Nikolic, Dragovan"]
[Black "Djordjevic, Vuk"]
[Result "0-1"]
[WhiteElo "2245"]
[BlackElo "2209"]
[PlyCount "80"]
[EventDate "2015.09.05"]

1. Nf3 d5 2. g3 c5 3. Bg2 Nf6 4. O-O Nc6 5. c4 d4 6. d3 e5 7. a3 a5 8. e3 Be7
9. exd4 cxd4 10. Re1 Nd7 11. Nbd2 O-O 12. Rb1 Qc7 13. Ne4 Ra6 14. g4 f6 15.
Nfd2 a4 16. Ng3 Nc5 17. Nde4 Nd8 18. Nxc5 Bxc5 19. Bd2 Ne6 20. Ne4 Be7 21. Ng3
Re8 22. Bd5 Kh8 23. Nf5 Bf8 24. Qf3 Qd7 25. Qh3 g6 26. Nh4 Kg7 27. Kh1 b5 28.
Ng2 Rd6 29. f4 exf4 30. Nxf4 Bb7 31. Nxe6+ Rdxe6 32. Rxe6 Rxe6 33. Bf3 Re2 34.
Bh6+ Kg8 35. Bxf8 Re3 36. Rf1 Kxf8 37. Qg2 Bxf3 38. Rxf3 bxc4 39. Rxf6+ Kg7 40.
dxc4 Kxf6 0-1

[Event "PRVA LIGA CENTRALNE SRBIJE 2015"]
[Site "Kragujevac"]
[Date "2015.09.09"]
[Round "6.5"]
[White "Gajic, Mladen"]
[Black "Vojinovic, Luka"]
[Result "0-1"]
[WhiteElo "2253"]
[BlackElo "2122"]
[PlyCount "78"]
[EventDate "2015.09.05"]

1. e4 c5 2. c3 d5 3. exd5 Qxd5 4. d4 e6 5. Nf3 Nf6 6. Na3 Qd8 7. Nc2 Nc6 8. Bd3
cxd4 9. Ncxd4 Bd7 10. O-O Be7 11. Qe2 O-O 12. Rd1 Qa5 13. Nb5 a6 14. b4 Qd8 15.
Nbd4 Nxd4 16. Nxd4 Qc7 17. Bb2 e5 18. Nb3 Rfe8 19. h3 Bc6 20. a4 e4 21. Bc4 Qe5
22. Na5 Bd6 23. g3 e3 24. f4 Qe7 25. Nxc6 bxc6 26. Rd3 Bb8 27. Rf1 Ne4 28. Qg4
Nf2 29. Qe2 Ba7 30. Kh2 Nxd3 31. Bxd3 Rad8 32. Re1 Rd7 33. Bc1 Qf6 34. Qg2 g6
35. Bxa6 Red8 36. Be2 Qe6 37. Bg4 f5 38. Be2 Rd2 39. Bxd2 exd2 0-1

[Event "PRVA LIGA CENTRALNE SRBIJE 2015"]
[Site "Kragujevac"]
[Date "2015.09.09"]
[Round "6.5"]
[White "Ivanovic, Lazar"]
[Black "Cvetanovic, Uros"]
[Result "0-1"]
[WhiteElo "2017"]
[BlackElo "2230"]
[PlyCount "96"]
[EventDate "2015.09.05"]

1. d4 Nf6 2. c4 e6 3. Nc3 Bb4 4. e3 O-O 5. Bd3 Re8 6. Nf3 d6 7. Qc2 e5 8. dxe5
dxe5 9. Nd2 c6 10. a3 Bf8 11. O-O Nbd7 12. Rd1 g6 13. Be2 Qc7 14. b3 Rd8 15.
Bb2 Ne8 16. b4 Ndf6 17. h3 Bf5 18. e4 Bc8 19. Nf3 Rxd1+ 20. Rxd1 Nh5 21. Na4
Bg7 22. Nc5 Nf4 23. Nd3 Nxe2+ 24. Qxe2 f6 25. Bc3 b6 26. c5 Be6 27. Nb2 Bf8 28.
Qc2 Qf7 29. Qa4 Qb7 30. Rc1 Nc7 31. Bd2 bxc5 32. Be3 cxb4 33. axb4 Bd7 34. Qb3+
Kg7 35. Nd3 a5 36. Nfxe5 fxe5 37. Nxe5 Be6 38. Qc2 axb4 39. Nxc6 b3 40. Qb2+
Kg8 41. Qf6 b2 42. Rb1 Qxc6 43. Bd4 Qc1+ 44. Kh2 Qxb1 45. Qh8+ Kf7 46. Qxh7+
Ke8 47. Qxc7 Qc1 48. Qe5 Qc6 0-1

[Event "PRVA LIGA CENTRALNE SRBIJE 2015"]
[Site "Kragujevac"]
[Date "2015.09.09"]
[Round "6.6"]
[White "Kuzubov, Yuriy"]
[Black "Milanovic, Slavisa"]
[Result "1-0"]
[WhiteElo "2636"]
[BlackElo "2381"]
[PlyCount "93"]
[EventDate "2015.09.05"]

1. d4 e6 2. e4 d5 3. Nc3 Bb4 4. e5 c5 5. a3 Bxc3+ 6. bxc3 Qa5 7. Bd2 Ne7 8. Qg4
O-O 9. Bd3 Nbc6 10. Nf3 Ng6 11. Qh5 c4 12. Ng5 h6 13. Nxf7 Nf4 14. Nxh6+ gxh6
15. Qg4+ Kh8 16. Bf1 h5 17. Qd1 Ne7 18. g3 Nfg6 19. Qxh5+ Kg8 20. h4 Rf7 21.
Qe2 Bd7 22. h5 Nh8 23. Bh3 Raf8 24. O-O Rh7 25. Kh2 Kf7 26. g4 Ke8 27. Rg1 Nf7
28. Rg3 Rfh8 29. Rf3 Ng8 30. Bf4 Qd8 31. Qe3 Ba4 32. Qd2 Qe7 33. Rg3 Rg7 34.
Rb1 b6 35. Rb4 b5 36. Rb1 Qxa3 37. Rgg1 Qe7 38. f3 Ng5 39. Rbf1 Nh6 40. Rg3
Nxh3 41. Bxh6 Rxh6 42. Qxh6 Ng5 43. Rg2 Nf7 44. Qxg7 Qh4+ 45. Kg1 Ng5 46. Qg6+
Kd7 47. Rh2 1-0

[Event "PRVA LIGA CENTRALNE SRBIJE 2015"]
[Site "Kragujevac"]
[Date "2015.09.09"]
[Round "6.6"]
[White "Jovanovic, Dusan D"]
[Black "Milanovic, Danilo"]
[Result "1/2-1/2"]
[WhiteElo "2381"]
[BlackElo "2462"]
[PlyCount "138"]
[EventDate "2015.09.05"]

1. Nf3 Nf6 2. c4 c5 3. Nc3 d5 4. cxd5 Nxd5 5. e3 Nxc3 6. bxc3 g6 7. Be2 Bg7 8.
d4 O-O 9. O-O Qc7 10. Ba3 Nd7 11. Qb3 b6 12. Ng5 e6 13. Bf3 Rb8 14. Rfd1 h6 15.
Ne4 Bb7 16. Rac1 Rfe8 17. Nd2 Bxf3 18. Nxf3 Rbd8 19. Qb5 Bf8 20. c4 e5 21. dxe5
Nxe5 22. Nxe5 Rxe5 23. Bb2 Re6 24. Qb3 Red6 25. Rd5 Rxd5 26. cxd5 Bg7 27. Bxg7
Kxg7 28. Qc3+ Kg8 29. e4 Qf4 30. Re1 h5 31. g3 Qc7 32. Qc4 Qd7 33. h4 Rc8 34.
e5 b5 35. e6 fxe6 36. dxe6 Qc6 37. Qd3 Kh7 38. Qe3 Re8 39. f4 Qd5 40. e7 Kg7
41. Kh2 Qxa2+ 42. Re2 Qd5 43. f5 Qd4 44. Qe6 Qf6 45. Qd7 Kf7 46. fxg6+ Qxg6 47.
Qd5+ Kg7 48. Re5 Qf6 49. Rg5+ Kh6 50. Rxh5+ Kg7 51. Rg5+ Kh6 52. Qd1 Qf7 53.
Qd6+ Kh7 54. Qe5 Qf2+ 55. Kh3 Qf1+ 56. Kg4 Qc4+ 57. Kf3 Qf1+ 58. Ke4 Qc4+ 59.
Ke3 Qd4+ 60. Qxd4 cxd4+ 61. Kxd4 Rxe7 62. Rxb5 Rg7 63. Rb3 Rg4+ 64. Ke5 Kg6 65.
Ra3 a5 66. Kd5 a4 67. Kc5 Kh6 68. Kd5 Kg6 69. Ke5 Rb4 1/2-1/2